|
|
|
|
| LEADER |
00000nam0a2200000 4500 |
| 001 |
332943 |
| 005 |
20231102004515.0 |
| 035 |
|
|
|a (RuTPU)RU\TPU\book\358933
|
| 090 |
|
|
|a 332943
|
| 100 |
|
|
|a 20170602d1962 k y0rusy50 ca
|
| 101 |
0 |
|
|a rus
|
| 102 |
|
|
|a RU
|
| 105 |
|
|
|a y dm 001zy
|
| 200 |
1 |
|
|a О взаимодействии щелочных производных B-дикарбонильных соединений с a-бромкетонами, метоксиокисями и а-бромокисями
|e автореферат диссертации на соискание ученой степени кандидата химических наук
|f Б. А. Ершов
|g Ленинградский государственный университет, Кафедра строения органических соединений ; под ред. Т. И. Темниковой
|
| 210 |
|
|
|a Томск
|c [Б. и.]
|d 1962
|
| 215 |
|
|
|a 19 с.
|
| 300 |
|
|
|a Защита сост. 12.1962 г.
|
| 320 |
|
|
|a Библиогр.: с. 19 (4 назв.)
|
| 606 |
1 |
|
|a Дикарбонильные соединения
|x Химия
|2 stltpush
|3 (RuTPU)RU\TPU\subj\76491
|9 87550
|
| 610 |
1 |
|
|a органическая химия
|
| 610 |
1 |
|
|a бифункциональные соединения
|
| 610 |
1 |
|
|a химические превращения
|
| 610 |
1 |
|
|a авторефераты диссертаций
|
| 675 |
|
|
|a 547.44(04)
|v 4
|
| 700 |
|
1 |
|a Ершов
|b Б. А.
|
| 702 |
|
1 |
|a Темникова
|b Т. И.
|4 340
|
| 712 |
0 |
2 |
|a Ленинградский государственный университет
|b Кафедра строения органических соединений
|c (1924-1991)
|2 stltpush
|3 (RuTPU)RU\TPU\col\77
|
| 801 |
|
1 |
|a RU
|b 63413507
|c 20170602
|
| 801 |
|
2 |
|a RU
|b 63413507
|c 20201028
|g RCR
|
| 942 |
|
|
|c BK
|